| 000 | 00768nam a2200217 a 4500 | ||
|---|---|---|---|
| 008 | 120416s1983 ||||||||||||||||| || u | ||
| 020 | _a0471900729 | ||
| 050 | _aHD 7288.A87 Swa | ||
| 100 | _aSwan, Peter J | ||
| 245 | 1 | 0 | _aManagement of sites and services housing schemes |
| 246 | _athe Asian experience | ||
| 260 |
_aChichester _bJohn Wiley and Sons _c1983 |
||
| 300 | _axii, 150 p. : ill. | ||
| 350 | _a0.00 | ||
| 500 | _aIncludes index. -Bibliography: p. 148. | ||
| 650 | _aHOUSING | ||
| 650 | _aPUBLIC HOUSING--ASIA--CONGRESSES | ||
| 700 | _aWegelin, Emiel A | ||
| 700 | _aPanchee, Komol | ||
| 995 |
_D0.00 _FCBU-MAIN LIBRARY (Kitwe) _H1 _I14.25 _M1 _UAVAILABLE _ZMain Library Open Access Collection |
||
| 999 |
_c49992 _d49992 |
||